Elektrotechnický náučný slovník : 4. zväzok. Kybernetické systémy /

Salvato in:
Dettagli Bibliografici
Autore principale: Csáderová, Ľubomíra (Autore)
Natura: Libro
Lingua:slovacco
Pubblicazione: Bratislava : Alfa, 1987
Edizione:1.vyd.
Serie:Edícia encyklopedických slovníkov
Tags: Aggiungi Tag
Nessun Tag, puoi essere il primo ad aggiungerne!!

MARC

LEADER 00000nam a22000003a 4500
001 stu6801
005 20150617225809.4
008 940902s1987----cs------------------slo-d
040 |a STU  |b slo 
041 0 |a slo 
044 |a cs 
080 |a 621.3(03) 
100 1 |a Csáderová, Ľubomíra  |4 aut 
245 1 |a Elektrotechnický náučný slovník :  |b 4. zväzok. Kybernetické systémy /  |c Aut.: Csáderová,Ňubomíra a kol 
250 |a 1.vyd. 
260 |a Bratislava :  |b Alfa,  |c 1987 
300 |a 389 s 
830 0 |a Edícia encyklopedických slovníkov 
996 |b 284EK08577  |c E*63212  |l EE0101  |s P  |a 0  |w stu6801_0002 
996 |b E75307  |c E*75307  |l EE18  |s P  |a 0  |w stu6801_0005